ბათუმის შოთა რუსთაველის სახელმწიფო უნივერსიტეტის ბიბლიოთეკა

მოთხრობები. (ბიბ.ჩანაწერი № 49163)

000 -LEADER
fixed length control field 01104nam a2200229Ia 4500
001 - CONTROL NUMBER
control field 16074
003 - CONTROL NUMBER IDENTIFIER
control field GE_BSU
008 - FIXED-LENGTH DATA ELEMENTS--GENERAL INFORMATION
fixed length control field 181216s||||||||xx |||||||||||||| ||und||
040 ## - CATALOGING SOURCE
Transcribing agency GE_BSU
080 ## - UNIVERSAL DECIMAL CLASSIFICATION NUMBER
Universal Decimal Classification number 821.353.1-32
100 ## - MAIN ENTRY--PERSONAL NAME
Personal name ჭილაძე, თამაზ
245 ## - TITLE STATEMENT
Title მოთხრობები.
245 ## - TITLE STATEMENT
Remainder of title გასეირნება პონის ეტლით; შუადღე; ვინ ცხოვრობს ვარსკვლავებზე; პირველი დღე; თეთრი კვამლი
245 ## - TITLE STATEMENT
Statement of responsibility, etc. რედ.ნ.კანდელაკი.მხ.ზ.ფორჩხიძე
260 ## - PUBLICATION, DISTRIBUTION, ETC.
Place of publication, distribution, etc. თბილისი
260 ## - PUBLICATION, DISTRIBUTION, ETC.
Name of publisher, distributor, etc. საბჭ. საქართველო
260 ## - PUBLICATION, DISTRIBUTION, ETC.
Date of publication, distribution, etc. 1972
300 ## - PHYSICAL DESCRIPTION
Extent 439გვ. ; 21სმ
653 ## - INDEX TERM--UNCONTROLLED
Uncontrolled term გასეირნება პონის ეტლით; შუადღე; ვინ ცხოვრობს ვარსკვლავებზე; პირველი დღე; თეთრი კვამლი
653 ## - INDEX TERM--UNCONTROLLED
Uncontrolled term მოთხრობები.
942 ## - ADDED ENTRY ELEMENTS (KOHA)
Koha item type წიგნი
ეგზემპლარები
Withdrawn status Lost status Damaged status Not for loan Date acquired Barcode Date last seen Price effective from Koha item type
        2018-12-17 39235 2018-12-17 2018-12-17 წიგნი